Statistics for 中华人民共和国省份测验

Click here to take the quiz!

General Stats

  • This quiz has been taken 4 076 times
  • The average score is 32 of 33

Answers on the Map

Answers color-coded by a green-red scale on the quiz's map according to % correct below.
 

Answer Stats

种类省份% Correct
直辖市北京
99%
河北
98%
自治区新疆维吾尔
98%
黑龙江
98%
直辖市上海
98%
自治区内蒙古
98%
广东
98%
自治区广西
97%
山东
97%
河南
97%
山西
97%
湖南
97%
四川
97%
直辖市天津
97%
直辖市重庆
97%
自治区西藏
97%
云南
97%
湖北
97%
陕西
96%
辽宁
96%
吉林
96%
海南
96%
浙江
96%
福建
96%
江苏
95%
甘肃
95%
青海
95%
特别行政区澳门
95%
特别行政区香港
95%
自治区宁夏
95%
江西
94%
贵州
92%
安徽
92%

Score Distribution

Percentile by Number Answered

Percent of People with Each Score

Your Score History

You have not taken this quiz